00396 2200133 4500001002100000008004100021035002000062245008800082100001900170260003900189084001400228082000800242990001200250INLIS000000000001440 Ind  a0010-0924000037 aDahlan Juga Manusiab( Pengalaman Pribadi Mengenal Dahlan Iskandar )cSiti Nasyi'ah aNasyi'ah, Siti aJakartabPT. Alex Media Komputindo a813 SIT d a813 a0750943